Responses for Show #4548 - Wednesday, May 19, 2004

Contestants

[<< previous game]

Kristina Alexander, a writer and editor from Brooklyn, New York

Tim MacGowan, a pastor from Haymarket, Virginia

Al Davis, a software test engineer from Everett, Washington (whose 3-day cash winnings total $65,800)

[next game >>]

Jeopardy! Round responses

UKRAINE ON THE BRAIN
THINK PINK
VEGGIE-POURRI
CATS
WAY TO GO
TELL ME ABOUT "IT"
    $200 6
Chernobyl

Kristina
    $200 8
The Pink Panther

Tim
    $200 16
spinach

Kristina
    $200 13
green

Tim
    $200 23
the Space Shuttle

Al
    $200 1
a guitar

Al
    $400 7
Catherine the Great

Tim
    $400 9
Dumbo

Al
    $400 17
beets

Tim
    $400 22
teeth

Tim
    $400 25
taxis

Al
    $400 2
capitals

Al
    $600 10
Chicken Kiev

Al
    $600 14
John Cougar Mellencamp

Kristina
    $600 18
(Tim: What is broccoli?)

asparagus

AlTim
    $600 24
Persians

Tim
    $600 28
UFOs

Kristina
    $600 3
brittle

Kristina
    $800 11
the Black Sea

Kristina
    $800 15
Pretty in Pink

Tim
    $800 20
(Tim: What is garlic?)

celery

Tim
Triple Stumper
    $800 26
Siamese

Kristina
    $800 29
the Erie Canal

Kristina
    $800 4
switch

Al
    $1000 12
the Crimea

Al
    $1000 19
the Freeway of Love

Kristina
    $2,000 21
morning glories

Kristina
    $1000 27
the Turkish Angora

Triple Stumper
    $1000 30
(Tim: What is tête-à-tête?)

vis-à-vis

Tim
Triple Stumper
    $1000 5
the Ritz

Kristina

Scores at the first commercial break (after clue 15):

Al Tim Kristina
$3,400 $1,600 $3,200

Scores at the end of the Jeopardy! Round:

Al Tim Kristina
$4,600 $600 $8,600

Double Jeopardy! Round responses

BRITISH POETS & POETRY
UNLIKELY MOVIE SEQUELS
WHO WAS THE VICE PRESIDENT WHEN...
5-SYLLABLE WORDS
THE PIPE ORGAN
SURPRISE ME!
    $400 1
Dylan Thomas

Tim
    $400 6
[Alex corrected Tim by adding the "2" to the title, but did not correct any other responses that left off the "2".]

The Last Samurai (2)

Tim
    $400 9
Richard Nixon

Tim
    $400 26
a sanitarium

Al
    $400 14
the stops

Al
    $400 21
Cracker Jack

Kristina
    $800 2
the Canterbury Tales

Kristina
    $800 7
Bonnie and Clyde

Al
    $800 10
(Tim: Who is Spiro Agnew?)
(Kristina: Who is [*]?)
(Alex: Which one?)
(Kristina: The... first one.)
(Alex: Yes. The only one to be vice president!)

George Bush

TimKristina
    $800 27
metrosexuals

Al
    $800 17
a reed

Tim
    $800 22
Gracie Allen

Al
    $1200 3
(Alexander) Pope

Tim
    $1200 8
The Perfect Storm

Al
    $1200 11
(Alex: The man who killed him, yes.)

(Aaron) Burr

Al
    $1200 28
overcompensate

Al
    $1200 18
an octave

Al
    $1200 23
O. Henry

Kristina
    $1600 4
(Al: Who is Keats?)

Robert Browning

AlKristina
    $1600 15
Witness 2

Tim
    $1,600 12
Spiro Agnew

Al
    $1600 29
pulchritudinous

Al
    $1600 19
a staff

Tim
    $1600 24
(Jimmy) Doolittle

Al
    $2000 5
(Kristina: Who's Housman?)

Alfred, Lord Tennyson

Kristina
Triple Stumper
    $2000 16
(Kristina: What is Jungle Fever?)

Do the Right Thing

Kristina
Triple Stumper
    $2000 13
(Kristina: Who is Richard Nixon?)

Lyndon Johnson

TimKristina
    $3,000 30
(Al: What is a gerontologist?)
(Alex: Nope. Her husband happened to be [*].)

an archaeologist

Al
    $2000 20
the (organ) manual

Triple Stumper
    $2000 25
Rousseau

Kristina

Scores at the end of the Double Jeopardy! Round:

Al Tim Kristina
$12,800 $8,200 $9,400

[wagering suggestions for these scores]

Final Jeopardy! Round responses

TOURIST ATTRACTIONS
(Alex: It would've been a tie for first place. But instead, Kristina Alexander becomes the new Jeopardy! champion with $18,800. And she gets to play again when next we meet. So long.)
TimWhat is Mall of the Americas?
$200
KristinaWhat is Mall Mall of America?
$9,400
AlWhat is Mall Of The Americas?
$6,000
the Mall of America

Final scores:

Al Tim Kristina
$6,800 $8,000 $18,800
3rd place: $1,000 2nd place: $2,000 New champion: $18,800

Game dynamics:

Coryat scores:

Al Tim Kristina
$15,800 $8,200 $8,400
21 R
(including 1 DD),
2 W
(including 1 DD)
15 R,
4 W
17 R
(including 1 DD),
3 W

Combined Coryat: $32,400

[game clues] [game scores] [suggest correction]

Game tape date: 2004-02-10
The J! Archive is created by fans, for fans. Scraping, republication, monetization, and malicious use prohibited; this site may use cookies and collect identifying information. See terms. The Jeopardy! game show and all elements thereof, including but not limited to copyright and trademark thereto, are the property of Jeopardy Productions, Inc. and are protected under law. This website is not affiliated with, sponsored by, or operated by Jeopardy Productions, Inc. Join the discussion at JBoard.tv.